[Event "Regionalliga SO 1415"]
[Site "Bayern"]
[Date "2015.03.15"]
[Round "8.7"]
[White "Leckner, Thomas"]
[Black "Reisser, Simon"]
[Result "0-1"]
[WhiteElo "1683"]
[BlackElo "1925"]
[PlyCount "37"]
[EventDate "2014.10.19"]
[EventType "team-tourn"]
[EventRounds "9"]
[EventCountry "GER"]
[SourceTitle "EXT 2018"]
[Source "ChessBase"]
[SourceDate "2017.10.13"]
[SourceVersion "1"]
[SourceVersionDate "2017.10.13"]
[SourceQuality "1"]
[WhiteTeam "Tegernsee"]
[BlackTeam "Trostberg"]
[WhiteTeamCountry "GER"]
[BlackTeamCountry "GER"]

1. d4 Nf6 2. Nc3 d5 3. Bg5 e6 4. e4 dxe4 5. Nxe4 Be7 6. Bxf6 Bxf6 7. Nf3 b6 8. c3 Bb7 9. Bd3 Nd7 10. Qe2 Qe7 11. 0-0 0-0 12. Nxf6+ Nxf6 13. Ng5 Rad8 14. Ne4 Nd5 15. Rad1 f5 16. Nd2 Nf4 17. Qe3 Nxg2 18. Qg3 Rf6 19. Qe5 0-1

[Event "Landesliga Sued 0910"]
[Site "Bayern"]
[Date "2009.12.13"]
[Round "4.8"]
[White "Leckner, Thomas"]
[Black "Tafertshofer, Matthias"]
[Result "0-1"]
[WhiteElo "1732"]
[BlackElo "1672"]
[PlyCount "106"]
[EventDate "2009.10.18"]
[EventType "team-tourn"]
[EventRounds "9"]
[EventCountry "GER"]
[SourceTitle "EXT 2011"]
[Source "ChessBase"]
[SourceDate "2010.11.26"]
[SourceVersion "1"]
[SourceVersionDate "2010.11.26"]
[SourceQuality "1"]
[WhiteTeam "Tegernsee"]
[BlackTeam "Weilheim"]
[WhiteTeamCountry "GER"]
[BlackTeamCountry "GER"]

1. d4 Nf6 2. Nc3 e6 3. e4 d5 4. Bg5 Bb4 5. Bxf6 Qxf6 6. e5 Qd8 7. a3 Bxc3+ 8. bxc3 c5 9. Nf3 Qc7 10. Qd2 Nc6 11. Bb5 Bd7 12. Bxc6 Bxc6 13. 0-0 Ba4 14. Rfc1 Rc8 15. Qf4 Qa5 16. Ng5 0-0 17. Qg4 cxd4 18. cxd4 Rxc2 19. Rxc2 Bxc2 20. Nxe6 fxe6 21. Qxe6+ Kh8 22. Qe7 Rg8 23. Qxb7 Qc3 24. Rc1 Qxd4 25. Qc7 Bf5 26. h3 h6 27. Qd6 Re8 28. Rc7 Qa1+ 29. Kh2 Qxe5+ 30. Qxe5 Rxe5 31. Rxa7 d4 32. Ra8+ Kh7 33. Rd8 d3 34. g4 Bg6 35. f4 Re2+ 36. Kg3 d2 37. Kf3 Re1 38. Rxd2 Ra1 39. f5 Rxa3+ 40. Kg2 Bf7 41. h4 Ra2 42. Rxa2 Bxa2 43. g5 Bb1 44. f6 gxf6 45. gxf6 Kg6 46. f7 Kxf7 47. Kf3 Kg6 48. Kg4 Bf5+ 49. Kf3 Kh5 50. Kf4 Bd7 51. Kg3 Bc8 52. Kg2 Kxh4 53. Kf2 Bb7 0-1

[Event "Landesliga Sued 0708"]
[Site "Bayern"]
[Date "2008.01.20"]
[Round "5.8"]
[White "Giss, Arthur"]
[Black "Leckner, Thomas"]
[Result "1-0"]
[WhiteElo "1928"]
[BlackElo "1712"]
[PlyCount "29"]
[EventDate "2007.10.21"]
[EventType "team-tourn"]
[EventRounds "9"]
[EventCountry "GER"]
[SourceTitle "EXT 2009"]
[Source "ChessBase"]
[SourceDate "2008.11.26"]
[SourceVersion "1"]
[SourceVersionDate "2008.11.26"]
[SourceQuality "1"]
[WhiteTeam "Dillingen"]
[BlackTeam "Tegernsee II"]
[WhiteTeamCountry "GER"]
[BlackTeamCountry "GER"]

1. e4 e6 2. d4 d5 3. Nd2 dxe4 4. Nxe4 Nd7 5. Nf3 Ngf6 6. Bd3 Be7 7. c3 Nxe4 8. Bxe4 Nf6 9. Bc2 c5 10. Qd3 h6 11. Be3 Ng4 12. 0-0-0 cxd4 13. Bxd4 Bf6 14. Qe4 Qc7 15. Qxg4 1-0

[Event "Landesliga Sued 0708"]
[Site "Bayern"]
[Date "2007.10.21"]
[Round "1.7"]
[White "Leckner, Thomas"]
[Black "Walch, Ingo"]
[Result "1-0"]
[WhiteElo "1712"]
[BlackElo "2037"]
[PlyCount "86"]
[EventDate "2007.10.21"]
[EventType "team-tourn"]
[EventRounds "9"]
[EventCountry "GER"]
[SourceTitle "EXT 2009"]
[Source "ChessBase"]
[SourceDate "2008.11.26"]
[SourceVersion "1"]
[SourceVersionDate "2008.11.26"]
[SourceQuality "1"]
[WhiteTeam "Tegernsee II"]
[BlackTeam "Rottal"]
[WhiteTeamCountry "GER"]
[BlackTeamCountry "GER"]

1. d4 Nf6 2. Nc3 d6 3. e4 g6 4. Be3 c6 5. Qd2 b5 6. f3 Bg7 7. g4 Qa5 8. h4 b4 9. Nd1 h5 10. g5 Nfd7 11. c3 bxc3 12. Nxc3 0-0 13. Bh3 Nb6 14. Nce2 Qa6 15. b3 c5 16. Rc1 cxd4 17. Bxd4 Bxd4 18. Nxd4 Bxh3 19. Nxh3 N8d7 20. Qe2 Qb7 21. 0-0 Rac8 22. f4 Rxc1 23. Rxc1 Rc8 24. Rf1 Nc5 25. e5 Qd5 26. Nf3 Ne4 27. Kh2 Nc3 28. Qd2 dxe5 29. Qxd5 Nbxd5 30. Nxe5 Nxa2 31. Rf2 Nab4 32. f5 gxf5 33. Rxf5 Ne3 34. Rxf7 Ng4+ 35. Nxg4 Kxf7 36. Nh6+ Kf8 37. Nf4 Rc2+ 38. Kg1 Rc3 39. Nxh5 Nd5 40. g6 Nf6 41. g7+ Ke8 42. Nxf6+ exf6 43. g8Q+ Ke7 1-0